000 00462nam a2200193Ia 4500
005 20240913125404.0
008 240913s9999||||xx |||||||||||||| ||und||
020 _a0-19-516744-9
041 _aENGLISH
082 _A403 P3
100 _aOxford
245 0 _aBusiness and Office Dictionary
250 _a1st
260 _c2003
_bOxford University
_aNew Delhi
500 _aREFERENCE
650 _aDictionary
_bGeneral
942 _cREF
999 _c245446
_d245446